<?xml version="1.0" encoding="UTF-8"?>
<record
    xmlns:xsi="http://www.w3.org/2001/XMLSchema-instance"
    xsi:schemaLocation="http://www.loc.gov/MARC21/slim http://www.loc.gov/standards/marcxml/schema/MARC21slim.xsd"
    xmlns="http://www.loc.gov/MARC21/slim">

  <leader>03541nam a22003257a 4500</leader>
  <controlfield tag="001">288</controlfield>
  <controlfield tag="003">OSt</controlfield>
  <controlfield tag="005">20250528074017.0</controlfield>
  <controlfield tag="008">250317b        |||||||e |||| 00| 1 eng d</controlfield>
  <datafield tag="040" ind1=" " ind2=" ">
    <subfield code="b">por</subfield>
  </datafield>
  <datafield tag="041" ind1=" " ind2=" ">
    <subfield code="h">eng</subfield>
    <subfield code="a">por</subfield>
  </datafield>
  <datafield tag="082" ind1=" " ind2=" ">
    <subfield code="a">823</subfield>
    <subfield code="b">B869m</subfield>
  </datafield>
  <datafield tag="100" ind1="1" ind2=" ">
    <subfield code="a">Bront&#xEB;, Emily,</subfield>
    <subfield code="d">1818-1848</subfield>
    <subfield code="9">177</subfield>
  </datafield>
  <datafield tag="240" ind1=" " ind2=" ">
    <subfield code="a">Wuthering Heights</subfield>
  </datafield>
  <datafield tag="245" ind1=" " ind2=" ">
    <subfield code="a">O morro dos ventos uivantes /</subfield>
    <subfield code="c">Bront&#xEB;, Emily ; Tradu&#xE7;&#xE3;o de Marcia Heloisa e Ilustra&#xE7;&#xE3;o de Luciana Vasconcelos</subfield>
  </datafield>
  <datafield tag="260" ind1=" " ind2=" ">
    <subfield code="a">Rio de Janeiro</subfield>
    <subfield code="b">DarkSide</subfield>
    <subfield code="c">2021</subfield>
  </datafield>
  <datafield tag="300" ind1=" " ind2=" ">
    <subfield code="a">410 p.</subfield>
    <subfield code="b">il.</subfield>
  </datafield>
  <datafield tag="520" ind1=" " ind2=" ">
    <subfield code="a">Turbul&#xEA;ncia, impetuosidade e misticismo. Originalmente publicado em 1847, O Morro dos Ventos Uivantes, de Emily Bront&#xEB;, combina paix&#xE3;o e trevas de maneira surpreendente &#x2015; emo&#xE7;&#xF5;es que os leitores apaixonados pela DarkLove, marca da DarkSide&#xAE; Books que revela as novas vozes femininas da literatura, conhecem bem.

Um dos grandes romances das irm&#xE3;s Bront&#xEB;, este cl&#xE1;ssico que apresenta uma hist&#xF3;ria fantasmag&#xF3;rica de obsess&#xE3;o, vingan&#xE7;a e paix&#xF5;es intensas ganha agora uma edi&#xE7;&#xE3;o limitada com uma nova capa. Na trama, o &#xF3;rf&#xE3;o Heathcliff &#xE9; acolhido ainda crian&#xE7;a pela fam&#xED;lia Earnshaw e apaixona-se pela pequena Catherine. O afeto, embora correspondido, transforma-se num amor imposs&#xED;vel. Tal v&#xED;nculo devastador &#xE9; envolto por uma atmosfera sombria e um teor dram&#xE1;tico e audaz que consolidaram Emily Bront&#xEB; como uma das rainhas da literatura inglesa.

Publicado sob o pseud&#xF4;nimo Ellis Bell, O Morro dos Ventos Uivantes n&#xE3;o foi bem recebido pela cr&#xED;tica; sua atmosfera l&#xFA;gubre e estrutura inovadora chocaram a sociedade da &#xE9;poca, e os temas impactantes eram sens&#xED;veis &#xE0; moral vitoriana. Por muito tempo pensou-se que o livro havia sido escrito por um homem, at&#xE9; que, em 1850, passou a ser publicado com o nome verdadeiro da autora.

Hist&#xF3;ria vertiginosa, O Morro dos Ventos Uivantes cativa pela complexidade de seus personagens. Todos s&#xE3;o humanos e passionais, e t&#xE3;o fascinantes que ultrapassaram as barreiras do tempo e permanecem na mem&#xF3;ria de leitores em todo o mundo. &#xDA;nico romance escrito por Emily Bront&#xEB;, esta obra-prima concentra toda a perspic&#xE1;cia, imagina&#xE7;&#xE3;o e autenticidade da autora em uma narrativa hipnotizante.

A edi&#xE7;&#xE3;o limitada traz uma capa nova, mas mantem o conte&#xFA;do que j&#xE1; apaixonou muitos darksiders: as ilustra&#xE7;&#xF5;es de Luciana Vasconcelos, a tradu&#xE7;&#xE3;o de Marcia Heloisa e uma sele&#xE7;&#xE3;o de extras para aprofundar ainda mais a experi&#xEA;ncia da leitura: introdu&#xE7;&#xE3;o DarkSide, dois pref&#xE1;cios de Charlotte Bront&#xEB;, trechos biogr&#xE1;ficos de Emily assinados por Elizabeth Gaskell, um ensaio que Emily escreveu em franc&#xEA;s, linha do tempo, resenhas da &#xE9;poca e uma mini biografia po&#xE9;tica da autora.



DarkLove Classics

DarkLove Classics &#xE9; uma marca que re&#xFA;ne hist&#xF3;rias inovadoras escritas por mulheres &#xE0; frente de seu tempo: vozes do passado que abriram caminho para autoras no presente. Os t&#xED;tulos mais amados da literatura cl&#xE1;ssica agora t&#xEA;m lugar reservado na DarkSide&#xAE; Books, em uma homenagem aos cora&#xE7;&#xF5;es rom&#xE2;nticos e valentes que nos trouxeram at&#xE9; aqui. A for&#xE7;a da escrita feminina, onde tudo come&#xE7;ou. Mulheres eternas, cl&#xE1;ssicas e imortais.</subfield>
  </datafield>
  <datafield tag="650" ind1=" " ind2="0">
    <subfield code="a">Literatura Inglesa</subfield>
    <subfield code="9">89</subfield>
  </datafield>
  <datafield tag="650" ind1=" " ind2="0">
    <subfield code="a">Mist&#xE9;rio</subfield>
    <subfield code="9">42</subfield>
  </datafield>
  <datafield tag="650" ind1=" " ind2="0">
    <subfield code="a">Sombrio</subfield>
    <subfield code="9">178</subfield>
  </datafield>
  <datafield tag="650" ind1=" " ind2="0">
    <subfield code="a">Psicol&#xF3;gico</subfield>
    <subfield code="9">85</subfield>
  </datafield>
  <datafield tag="650" ind1=" " ind2="0">
    <subfield code="a">Cl&#xE1;ssicos</subfield>
    <subfield code="9">77</subfield>
  </datafield>
  <datafield tag="650" ind1=" " ind2="0">
    <subfield code="a">Filme</subfield>
    <subfield code="9">26</subfield>
  </datafield>
  <datafield tag="655" ind1=" " ind2="0">
    <subfield code="a">Romance</subfield>
    <subfield code="9">23</subfield>
  </datafield>
  <datafield tag="655" ind1=" " ind2="0">
    <subfield code="a">Fic&#xE7;&#xE3;o </subfield>
    <subfield code="9">22</subfield>
  </datafield>
  <datafield tag="700" ind1=" " ind2=" ">
    <subfield code="a">Marcia Heloisa</subfield>
    <subfield code="e">Tradu&#xE7;&#xE3;o</subfield>
    <subfield code="9">541</subfield>
  </datafield>
  <datafield tag="700" ind1=" " ind2=" ">
    <subfield code="a">Luciana Vasconcelos</subfield>
    <subfield code="e">Ilustra&#xE7;&#xE3;o</subfield>
    <subfield code="9">542</subfield>
  </datafield>
  <datafield tag="942" ind1=" " ind2=" ">
    <subfield code="2">ddc</subfield>
    <subfield code="n">0</subfield>
    <subfield code="c">BK</subfield>
  </datafield>
  <datafield tag="952" ind1=" " ind2=" ">
    <subfield code="0">0</subfield>
    <subfield code="1">0</subfield>
    <subfield code="2">ddc</subfield>
    <subfield code="4">0</subfield>
    <subfield code="7">0</subfield>
    <subfield code="8">FIC</subfield>
    <subfield code="a">BIBIB</subfield>
    <subfield code="b">BIBIB</subfield>
    <subfield code="c">LE</subfield>
    <subfield code="d">2025-03-17</subfield>
    <subfield code="e">doa&#xE7;&#xE3;o</subfield>
    <subfield code="l">0</subfield>
    <subfield code="o">823 / B869m</subfield>
    <subfield code="p">2025-17243</subfield>
    <subfield code="r">2025-03-17 09:42:16</subfield>
    <subfield code="w">2025-03-17</subfield>
    <subfield code="y">BK</subfield>
  </datafield>
  <datafield tag="999" ind1=" " ind2=" ">
    <subfield code="c">288</subfield>
    <subfield code="d">288</subfield>
  </datafield>
</record>
